000
00228 a2200097 4500
001
46363
100
_a
Hotine, M
245
_a
Fourcade stereo goniometry
260
_a
London
_b
His Majesty's Stationary
_c
090
_c
29481
_d
29481
942
_a
NUST-CAE
_c
M
_c
21648
999
_c
281436
_d
281436